000 00562nam a2200193Ia 4500
005 20250508160923.0
008 008 250505s9999 xx 000 0 eng d
037 _aTextual
040 _aFEDL
_beng
_cFEDL
041 _aeng
_2eng
084 _a371.92, SMI
_qFEDL
100 _aSmith Robert M
_989286
245 0 _aClinical teaching : Methods of instruction for the retarded
250 _a2nd
260 _aNew York, USA
_bMcGraw-Hill Book Company
_c1968
300 _aviii,366p.
942 _cTEXL
_h371.92, SMI
999 _c1367406
_d1367406